Maine Cities - Sudden Death - Statistics

General Stats
  • This quiz has been taken 72 times
  • The average score is 7 of 18
Answers on the Grid
Answers color-coded by a green-red scale on the quiz's grid according to % correct below.
Portland
Cairbou
Lubec
Gorham
Albany
Rumford
Manchester
Saint John
York
Gloucester
Orrington
Stonington
Rockport
Portsmouth
Paris
Norway
Madrid
Copenhagen
Poland
Rutland
Waltham
Old Town
Newburyport
Halifax
St. Johnsbury
Augusta
Altoona
Bar Harbor
New Bedford
Ellsworth
Key West
Poughkeepsie
 
Answer Stats
Answer % Correct
Portland
93%
Cairbou
61%
Augusta
55%
Gorham
48%
Bar Harbor
45%
York
45%
Rockport
39%
Ellsworth
34%
Norway
34%
Poland
34%
Rumford
34%
Lubec
32%
Old Town
30%
Paris
27%
Stonington
11%
Waltham
11%
Madrid
9%
Orrington
9%
No matching quizzes found
Score Distribution
Percent of People with Each Score
Percentile by Number Answered
Your Score History
You have not taken this quiz